<?xml version="1.0" encoding="UTF-8"?><?xml-stylesheet type="text/xsl" href="static/style.xsl"?><OAI-PMH xmlns="http://www.openarchives.org/OAI/2.0/" xmlns:xsi="http://www.w3.org/2001/XMLSchema-instance" xsi:schemaLocation="http://www.openarchives.org/OAI/2.0/ http://www.openarchives.org/OAI/2.0/OAI-PMH.xsd"><responseDate>2026-04-13T06:50:43Z</responseDate><request verb="GetRecord" identifier="oai:www.recercat.cat:20.500.12328/5236" metadataPrefix="marc">https://recercat.cat/oai/request</request><GetRecord><record><header><identifier>oai:recercat.cat:20.500.12328/5236</identifier><datestamp>2026-03-26T19:51:57Z</datestamp><setSpec>com_2072_67741</setSpec><setSpec>col_2072_484352</setSpec></header><metadata><record xmlns="http://www.loc.gov/MARC21/slim" xmlns:dcterms="http://purl.org/dc/terms/" xmlns:xsi="http://www.w3.org/2001/XMLSchema-instance" xmlns:doc="http://www.lyncode.com/xoai" xsi:schemaLocation="http://www.loc.gov/MARC21/slim http://www.loc.gov/standards/marcxml/schema/MARC21slim.xsd">
   <leader>00925njm 22002777a 4500</leader>
   <datafield ind2=" " ind1=" " tag="042">
      <subfield code="a">dc</subfield>
   </datafield>
   <datafield ind2=" " ind1=" " tag="720">
      <subfield code="a">Walter Solana, André</subfield>
      <subfield code="e">author</subfield>
   </datafield>
   <datafield ind2=" " ind1=" " tag="720">
      <subfield code="a">Winsauer, Heinz</subfield>
      <subfield code="e">author</subfield>
   </datafield>
   <datafield ind2=" " ind1=" " tag="720">
      <subfield code="a">Crespo, Eduardo</subfield>
      <subfield code="e">author</subfield>
   </datafield>
   <datafield ind2=" " ind1=" " tag="720">
      <subfield code="a">Arcos, Ignacio</subfield>
      <subfield code="e">author</subfield>
   </datafield>
   <datafield ind2=" " ind1=" " tag="720">
      <subfield code="a">Valls-Ontañón, Adaia</subfield>
      <subfield code="e">author</subfield>
   </datafield>
   <datafield ind2=" " ind1=" " tag="720">
      <subfield code="a">Puigdollers, Andreu</subfield>
      <subfield code="e">author</subfield>
   </datafield>
   <datafield ind2=" " ind1=" " tag="720">
      <subfield code="a">Hernandez Alfaro, Federico</subfield>
      <subfield code="e">author</subfield>
   </datafield>
   <datafield ind2=" " ind1=" " tag="260">
      <subfield code="c">2025-12-05</subfield>
   </datafield>
   <datafield ind2=" " ind1=" " tag="520">
      <subfield code="a">Background Miniscrew-assisted palatal expansion techniques such as MARPE (Miniscrew-Assisted Rapid Palatal&#xd;
Expansion) and MASPE (Miniscrew-Assisted Slow Palatal Expansion) represents non-surgical alternatives for the&#xd;
correction of transverse maxillary deficiencies in adults. However, concerns have arisen regarding their potential to&#xd;
cause craniofacial complications due to the high forces applied for midpalatal suture opening in skeletally mature&#xd;
patients.&#xd;
Methodology This article aims to present and describe isolated clinical cases of cranialfacial complications observed&#xd;
in adult patients following MARPE and MASPE procedures, and to discuss the potential biomechanical mechanisms&#xd;
behind these events. Eleven clinical cases involving adult patients who underwent skeletal midface expansion with&#xd;
miniscrew-assisted devices are presented. All cases exhibited craniofacial unwanted dislocations identified through&#xd;
CBCT imaging, including zygomatic fractures, parasutural bone fractures, and asymmetrical disjunction of craniofacial&#xd;
sutures. These events were retrospectively documented through clinical follow-up and radiographic analysis.&#xd;
Results Among the eleven cases presented, complications included seven asymmetric fractures of the frontonasal&#xd;
process, two orbital fractures, one zygomatic bone fracture, and one parasagittal fracture of the palatine bone. These&#xd;
complications were primarily observed in patients who underwent MARPE with rapid activation protocols. One minor&#xd;
complication occurred in a MASPE case, where the patient followed the prescribed slow activation schedule.&#xd;
Conclusion Non surgical mid facial expansion is a potential source of unwanted and unpredicted dislocations in the&#xd;
craneofacial complex. According to this report the observed complications do not seem to be age related and are&#xd;
difficult to predict from the CBCT. A close clinical follow up including force monitoring and force limitation should&#xd;
be mandatory when performing MARPE. MASPE and minimally invasive SARPE could be alternatives to minimise the&#xd;
incidence of creaniofacial complications</subfield>
   </datafield>
   <datafield ind1="8" ind2=" " tag="024">
      <subfield code="a">Walter, Andre;  Winsauer, Heinz; Crespo, Eduardo [et al.]. Unwanted craniofacial fractures in MARPE/ MASPE patients: a hidden risk?. Progress in Orthodontics, 2025, 26(51). Disponible en &lt;https://link.springer.com/article/10.1186/s40510-025-00592-0>. Fecha de acceso: 5 mar. 2026. DOI:  https://doi.org/10.1186/s40510-025-00592-0</subfield>
   </datafield>
   <datafield ind1="8" ind2=" " tag="024">
      <subfield code="a">http://hdl.handle.net/20.500.12328/5236</subfield>
   </datafield>
   <datafield ind1="8" ind2=" " tag="024">
      <subfield code="a">https://doi.org/10.1186/s40510-025-00592-0</subfield>
   </datafield>
   <datafield tag="653" ind2=" " ind1=" ">
      <subfield code="a">MARPE</subfield>
   </datafield>
   <datafield tag="653" ind2=" " ind1=" ">
      <subfield code="a">MASPE</subfield>
   </datafield>
   <datafield tag="653" ind2=" " ind1=" ">
      <subfield code="a">SARPE</subfield>
   </datafield>
   <datafield tag="653" ind2=" " ind1=" ">
      <subfield code="a">Miniscrews</subfield>
   </datafield>
   <datafield tag="653" ind2=" " ind1=" ">
      <subfield code="a">Expansion</subfield>
   </datafield>
   <datafield tag="653" ind2=" " ind1=" ">
      <subfield code="a">Cranial fractures</subfield>
   </datafield>
   <datafield tag="653" ind2=" " ind1=" ">
      <subfield code="a">Minitornillos</subfield>
   </datafield>
   <datafield tag="653" ind2=" " ind1=" ">
      <subfield code="a">Expansión</subfield>
   </datafield>
   <datafield tag="653" ind2=" " ind1=" ">
      <subfield code="a">Fracturas craneales</subfield>
   </datafield>
   <datafield tag="653" ind2=" " ind1=" ">
      <subfield code="a">Minitorns</subfield>
   </datafield>
   <datafield tag="653" ind2=" " ind1=" ">
      <subfield code="a">Expansió</subfield>
   </datafield>
   <datafield tag="653" ind2=" " ind1=" ">
      <subfield code="a">Fractures cranials</subfield>
   </datafield>
   <datafield ind2="0" ind1="0" tag="245">
      <subfield code="a">Unwanted creaniofacial fractures in MARPE/ MASPE patients: a hidden risk?</subfield>
   </datafield>
</record></metadata></record></GetRecord></OAI-PMH>